[Event "NK Jeugd A meisjes"]
[Site "Venlo"]
[Date "2009.04.28"]
[Round "5"]
[White "Vlaar, Shannon"]
[Black "Munnik, Talitha"]
[Result "0-1"]
[WhiteElo "1707"]
[BlackElo "2056"]
[PlyCount "50"]
[EventDate "2009.04.24"]
[EventType "tourn"]
[EventRounds "9"]
[EventCountry "NED"]
[SourceDate "2009.04.25"]

1. e4 c5 2. Nc3 Nc6 3. Nge2 g6 4. d4 cxd4 5. Nxd4 Bg7 6. Be3 d6 7. Be2 Nf6 8.
O-O O-O 9. f4 Bd7 10. Kh1 Nxd4 11. Bxd4 Bc6 12. Bf3 Qc7 13. a4 b6 14. Qd3 Rfd8
15. b4 e5 16. Be3 d5 17. exd5 e4 18. Nxe4 Nxe4 19. Qxe4 Bxd5 20. Bxb6 axb6 21.
Qe2 Bxf3 22. Qxf3 Bxa1 23. Rxa1 Qxc2 24. a5 Qb2 25. Re1 Qxb4 0-1

[Event "NK Jeugd A meisjes"]
[Site "Venlo"]
[Date "2009.04.29"]
[Round "6"]
[White "Braggaar, Leonore"]
[Black "Dirksen, Marieke"]
[Result "1-0"]
[WhiteElo "2030"]
[BlackElo "1919"]
[PlyCount "95"]
[EventDate "2009.04.24"]
[EventType "swiss"]
[EventRounds "9"]
[EventCountry "NED"]
[SourceDate "2009.04.25"]

1. e4 c5 2. Nf3 d6 3. d4 cxd4 4. Nxd4 Nf6 5. Nc3 a6 6. Be2 e5 7. Nb3 Be7 8. O-O
O-O 9. Be3 Be6 10. Qd2 Qc7 11. a4 Nbd7 12. Bf3 Nb6 13. Bxb6 Qxb6 14. a5 Qc7 15.
Rfd1 Rac8 16. Nc1 Rfd8 17. N1e2 Bc4 18. Ng3 g6 19. Qe1 Be6 20. Nf1 Nd7 21. Ne3
Bg5 22. Ned5 Bxd5 23. Nxd5 Qxc2 24. g3 Kg7 25. h4 Bf6 26. Bg4 Rc4 27. Rac1 Qxe4
28. Rxc4 Qxc4 29. Bxd7 Rxd7 30. Nb6 Qc6 31. Nxd7 Qxd7 32. Qe4 Qc7 33. Qd5 Be7
34. Qd2 Qc5 35. Rc1 Qb5 36. Qc3 Bf6 37. Qd2 d5 38. Kg2 e4 39. b4 d4 40. Rc5 Qa4
41. h5 Qb3 42. h6+ Kf8 43. Qf4 Qf3+ 44. Qxf3 exf3+ 45. Kxf3 d3 46. Rc7 Bg5 47.
Rxb7 Bxh6 48. b5 1-0

[Event "NK Jeugd A meisjes"]
[Site "Venlo"]
[Date "2009.04.29"]
[Round "6"]
[White "De Cloet, Jeanine"]
[Black "Hortensius, Lisa"]
[Result "1/2-1/2"]
[WhiteElo "1970"]
[BlackElo "1978"]
[PlyCount "63"]
[EventDate "2009.04.24"]
[EventType "swiss"]
[EventRounds "9"]
[EventCountry "NED"]
[SourceDate "2009.04.25"]

1. e4 e6 2. d4 d5 3. exd5 exd5 4. Nf3 Nf6 5. Bd3 Bg4 6. O-O Be7 7. c3 O-O 8.
Nbd2 c6 9. Qc2 Qc7 10. Ne5 h6 11. h3 Be6 12. f4 c5 13. Ndf3 c4 14. Be2 Ne4 15.
g4 b5 16. Kg2 h5 17. Nd2 Nxd2 18. Bxd2 Nc6 19. Nxc6 Qxc6 20. f5 Bd7 21. g5 g6
22. Bxh5 gxh5 23. Qd1 Qc8 24. Qf3 Bd6 25. Rf2 h4 26. g6 fxg6 27. Qxd5+ Kh8 28.
Qxd6 Qc6+ 29. Qxc6 Bxc6+ 30. Kf1 Rxf5 31. Rxf5 gxf5 32. Kf2 1/2-1/2

[Event "NK Jeugd A meisjes"]
[Site "Venlo"]
[Date "2009.04.29"]
[Round "6"]
[White "Ferrier, Yvonne"]
[Black "Vlaar, Shannon"]
[Result "0-1"]
[WhiteElo "1843"]
[BlackElo "1707"]
[PlyCount "128"]
[EventDate "2009.04.24"]
[EventType "swiss"]
[EventRounds "9"]
[EventCountry "NED"]
[SourceDate "2009.04.25"]

1. e4 e5 2. Nf3 Nc6 3. Bb5 a6 4. Ba4 Nf6 5. O-O b5 6. Bb3 Be7 7. Re1 O-O 8. c3
d6 9. d3 Na5 10. Bc2 c5 11. Nbd2 Ne8 12. d4 cxd4 13. cxd4 Nc6 14. h3 Bb7 15.
Nf1 Rc8 16. Be3 Nb4 17. Bb1 Qc7 18. Ng3 Nf6 19. Re2 Qb8 20. a3 Nc6 21. Ba2 Na5
22. Bd2 Nc4 23. Bc3 d5 24. Nf5 Bd8 25. Bxc4 exd4 26. Bb4 dxc4 27. Bxf8 d3 28.
Re1 Kxf8 29. e5 Ne4 30. Ng3 Nxg3 31. fxg3 Qa7+ 32. Kh2 Qf2 33. Rb1 Ba5 34. Rf1
Qe2 35. b4 cxb3 36. Qxb3 Rc3 37. Qd1 Rc2 38. Nh4 Bxg2 39. Qxe2 dxe2 40. Nxg2
exf1=Q 41. Rxf1 Re2 42. Rf5 Bc3 43. Kg1 Rxe5 44. Rf3 Bd4+ 45. Kf1 a5 46. Nf4 f6
47. Ne2 Bc5 48. Rb3 b4 49. axb4 Bxb4 50. Nd4 Ke8 51. Nc6 Re4 52. Nxb4 Rxb4 53.
Ra3 a4 54. Kf2 Kd7 55. h4 Kc6 56. Ke2 Kb5 57. Kd2 Rb3 58. Rxb3+ axb3 59. Kc3
Ka4 60. Kb2 h5 61. Kb1 Ka3 62. Ka1 b2+ 63. Kb1 g6 64. g4 hxg4 0-1

[Event "NK Jeugd A meisjes"]
[Site "Venlo"]
[Date "2009.04.29"]
[Round "6"]
[White "Munnik, Talitha"]
[Black "Harezlak, Mariko"]
[Result "0-1"]
[WhiteElo "2056"]
[BlackElo "1788"]
[PlyCount "88"]
[EventDate "2009.04.24"]
[EventType "swiss"]
[EventRounds "9"]
[EventCountry "NED"]
[SourceDate "2009.04.25"]

1. e4 c5 2. Nf3 e6 3. d4 cxd4 4. Nxd4 Nc6 5. Nb5 d6 6. c4 a6 7. N5a3 Nf6 8. Nc3
Be7 9. Be2 Qc7 10. O-O O-O 11. Be3 Nd7 12. Rc1 Nc5 13. f4 Re8 14. Qe1 Nb4 15.
Rd1 Bd7 16. Qg3 Bc6 17. Bd4 Bf8 18. Bf3 Rad8 19. f5 e5 20. Be3 b6 21. Bg5 Rd7
22. Nd5 Bxd5 23. cxd5 Kh8 24. f6 g6 25. Qh4 Ncd3 26. Bg4 Qc5+ 27. Kh1 Rc7 28.
Rf3 Qd4 29. Re3 Qxb2 30. Kg1 Rc1 31. Rh3 Rxd1+ 32. Bxd1 h5 33. Nc4 Qa1 34. Ne3
Nc2 35. Qg4 Nxe3 36. Bxe3 Nb2 37. Rxh5+ Kg8 38. Rg5 Qxd1+ 39. Qxd1 Nxd1 40.
Bxb6 Rb8 41. Ba5 Rb1 42. h4 Bh6 43. Rg3 Be3+ 44. Kf1 Nc3# 0-1

[Event "NK Jeugd A meisjes"]
[Site "Venlo"]
[Date "2009.04.29"]
[Round "6"]
[White "Van Nies, Pauline"]
[Black "Brandenburg, Lucia"]
[Result "1-0"]
[WhiteElo "2143"]
[BlackElo "1925"]
[PlyCount "132"]
[EventDate "2009.04.24"]
[EventType "swiss"]
[EventRounds "9"]
[EventCountry "NED"]
[SourceDate "2009.04.25"]

1. e4 c5 2. f4 e6 3. Nf3 Nc6 4. Bb5 Qc7 5. Bxc6 Qxc6 6. d3 Nf6 7. O-O d6 8. Nc3
Bd7 9. e5 Nd5 10. Ne4 h6 11. exd6 Bxd6 12. Ne5 Qc7 13. Nxd6+ Qxd6 14. c4 Ne7
15. Nxd7 Qxd7 16. Be3 b6 17. Qf3 O-O 18. Rad1 Rad8 19. d4 cxd4 20. Bxd4 Qc6 21.
Qxc6 Nxc6 22. Bc3 Rfe8 23. Kf2 f6 24. Rfe1 Kf7 25. h4 h5 26. Kf3 Ne7 27. g3 Nf5
28. b3 Nh6 29. Bb2 Ng4 30. Bc3 Nh6 31. a4 Ng4 32. a5 bxa5 33. Bxa5 Rb8 34. Rd7+
Re7 35. Rxe7+ Kxe7 36. b4 e5 37. b5 Rb7 38. Bb4+ Ke6 39. Ra1 Rd7 40. Ra3 exf4
41. gxf4 g5 42. hxg5 fxg5 43. Bc5 Rc7 44. Bxa7 Rxc4 45. fxg5 Rb4 46. b6 Ne5+
47. Kg3 Nc4 48. Rf3 Nxb6 49. Bxb6 Rg4+ 50. Kh3 Rxg5 51. Kh4 Rb5 52. Be3 Rf5 53.
Rg3 Kf7 54. Rg2 Kf6 55. Bd2 Kf7 56. Bc3 Ke6 57. Rg7 Rf3 58. Bd2 Rf2 59. Be3 Re2
60. Bf4 Re4 61. Kg5 Ra4 62. Rh7 Ra5+ 63. Kh4 Ra4 64. Kg5 Ra5+ 65. Kg6 Ra4 66.
Bg5 Ra1 {Tijdsoverschrijding} 1-0

[Event "NK Jeugd A meisjes"]
[Site "Venlo"]
[Date "2009.04.30"]
[Round "7"]
[White "Brandenburg, Lucia"]
[Black "De Cloet, Jeanine"]
[Result "1/2-1/2"]
[WhiteElo "1925"]
[BlackElo "1970"]
[PlyCount "116"]
[EventDate "2009.04.24"]
[EventType "tourn"]
[EventRounds "9"]
[EventCountry "NED"]
[SourceDate "2009.04.25"]

1. e4 c5 2. Nf3 e6 3. c3 Nf6 4. e5 Nd5 5. Bc4 Nb6 6. Bb3 c4 7. Bc2 d5 8. d4
cxd3 9. Qxd3 Nc6 10. O-O Qc7 11. Re1 f6 12. exf6 gxf6 13. Qf5 Qf7 14. Qh3 Be7
15. Na3 a6 16. Be3 Nd7 17. Rad1 Nde5 18. Nxe5 Nxe5 19. f4 Nc6 20. f5 exf5 21.
Bxf5 Bxf5 22. Qxf5 Rd8 23. Nc2 Rg8 24. Nb4 Nxb4 25. cxb4 Qg6 26. Qxg6+ hxg6 27.
Bc5 Rg7 28. Re6 Rf7 29. Bxe7 Rxe7 30. Rxf6 d4 31. Rxg6 Kf7 32. Rg3 Re4 33. Kf2
Rc8 34. Rgd3 Rc4 35. a3 Kf6 36. b3 Rc2+ 37. R1d2 Rf4+ 38. Kg3 Rxd2 39. Rxd2 Kg5
40. h3 Re4 41. Kf3 Re3+ 42. Kf2 Rxb3 43. Rxd4 Rxa3 44. h4+ Kg6 45. g4 b5 46.
Rd6+ Kf7 47. h5 Ra4 48. g5 Rxb4 49. h6 Rg4 50. h7 Kg7 51. g6 Rh4 52. Rxa6 b4
53. Ke2 Re4+ 54. Kd3 Re8 55. Rb6 Rc8 56. Ke4 b3 57. Kf5 Rc5+ 58. Ke4 Rc8
1/2-1/2

[Event "NK Jeugd A meisjes"]
[Site "Venlo"]
[Date "2009.04.30"]
[Round "7"]
[White "Dirksen, Marieke"]
[Black "Munnik, Talitha"]
[Result "1-0"]
[WhiteElo "1919"]
[BlackElo "2056"]
[PlyCount "45"]
[EventDate "2009.04.24"]
[EventType "tourn"]
[EventRounds "9"]
[EventCountry "NED"]
[SourceDate "2009.04.25"]

1. e4 c5 2. Nf3 d6 3. d4 cxd4 4. Nxd4 Nf6 5. Nc3 a6 6. Be3 e6 7. f3 b5 8. Qd2
Nbd7 9. g4 Nb6 10. a4 Nc4 11. Bxc4 bxc4 12. a5 d5 13. g5 Nd7 14. exd5 exd5 15.
Nc6 Qc7 16. Qxd5 Qd6 17. O-O-O Qxd5 18. Nxd5 Bd6 19. Nb6 Nxb6 20. Rxd6 Nd7 21.
Re1 Kf8 22. Bc5 Nxc5 23. Rd8# 1-0

[Event "NK Jeugd A meisjes"]
[Site "Venlo"]
[Date "2009.04.30"]
[Round "7"]
[White "Harezlak, Mariko"]
[Black "Ferrier, Yvonne"]
[Result "1-0"]
[WhiteElo "1788"]
[BlackElo "1843"]
[PlyCount "119"]
[EventDate "2009.04.24"]
[EventType "tourn"]
[EventRounds "9"]
[EventCountry "NED"]
[SourceDate "2009.04.25"]

1. d4 d5 2. Nf3 Nf6 3. c4 c6 4. cxd5 cxd5 5. Nc3 Bg4 6. Ne5 Bf5 7. Bg5 Nfd7 8.
Nxd7 Qxd7 9. e3 e6 10. Bb5 Nc6 11. O-O Bd6 12. f4 a6 13. Bd3 Bg6 14. a3 Rc8 15.
f5 Bxf5 16. Bxf5 exf5 17. Qf3 f6 18. Bh4 Ne7 19. Kh1 Bb8 20. Bg3 Bxg3 21. Qxg3
O-O 22. h4 Rfe8 23. Rf2 Qe6 24. Raf1 Rcd8 25. h5 Qb6 26. Qf3 Qe6 27. Qg3 b5 28.
Rf4 Rb8 29. Qf2 Rec8 30. Rg1 Kh8 31. g4 fxg4 32. Rgxg4 Rf8 33. Rg3 Rbc8 34.
Rgf3 Rc6 35. Rg3 Qf7 36. Qf3 Rc4 37. Rg2 b4 38. axb4 Rxb4 39. Rf2 Rb6 40. Na4
Rd6 41. Nc5 Nc8 42. b3 Ne7 43. Nd3 Nc6 44. Rf5 Qb7 45. Nc5 Qf7 46. Nd3 Na5 47.
Ne5 Qe8 48. Qh3 Kg8 49. Ng4 Qe4+ 50. Kh2 Qe7 51. Ne5 Rb8 52. Ng6 Qe8 53. Qg3
Rbb6 54. Nf4 Qe4 55. h6 Rd7 56. Rxd5 Rbb7 57. Rxa5 Rxb3 58. Rc5 Rb8 59. Nd5 Rf8
60. Nxf6+ 1-0

[Event "NK Jeugd A meisjes"]
[Site "Venlo"]
[Date "2009.04.30"]
[Round "7"]
[White "Hortensius, Lisa"]
[Black "Braggaar, Leonore"]
[Result "1-0"]
[WhiteElo "1978"]
[BlackElo "2030"]
[PlyCount "139"]
[EventDate "2009.04.24"]
[EventType "tourn"]
[EventRounds "9"]
[EventCountry "NED"]
[SourceDate "2009.04.25"]

1. e4 e5 2. Nc3 Bc5 3. Bc4 Nf6 4. d3 d6 5. Na4 Nbd7 6. Nxc5 Nxc5 7. f4 O-O 8.
fxe5 dxe5 9. Nf3 Qd6 10. Bg5 Bg4 11. Qe2 Nfd7 12. h3 Be6 13. Bxe6 Nxe6 14. Bd2
Rae8 15. Qf2 f5 16. exf5 Rxf5 17. O-O-O Qa6 18. Kb1 Nd4 19. Qg3 c5 20. Ng5 Rf6
21. Rdf1 Ref8 22. Rxf6 Rxf6 23. Ne4 Rf8 24. Qg4 Qc6 25. Be3 b6 26. c3 Nb5 27.
Bg5 Rf7 28. Bd8 a6 29. Qh5 h6 30. Bh4 Qe6 31. Bg3 Na7 32. Qe2 Nc6 33. Rf1 Nf6
34. Nxf6+ Rxf6 35. Re1 Qf5 36. Qe4 Qd7 37. Bh2 Rd6 38. Kc2 b5 39. g4 Re6 40.
Bg3 Qe8 41. Qd5 Qg6 42. Bxe5 c4 43. Bg3 Qxd3+ 44. Qxd3 cxd3+ 45. Kxd3 Rf6 46.
Ke4 Kf7 47. Re2 Rg6 48. Bh4 Re6+ 49. Kd3 Rd6+ 50. Kc2 Rd5 51. b3 Rd6 52. Bg3
Rg6 53. Rf2+ Ke7 54. Re2+ Kf7 55. Bh2 Rf6 56. Bg1 Rd6 57. a3 Rd7 58. c4 bxc4
59. bxc4 Rc7 60. c5 Na5 61. Kc3 Nb7 62. Kc4 Nd6+ 63. Kd5 Nb5 64. Re3 Rc8 65.
Bh2 Na7 66. Bd6 Nc6 67. Rf3+ Kg6 68. Rf8 Rxf8 69. Bxf8 Nd8 70. Be7 1-0

[Event "NK Jeugd A meisjes"]
[Site "Venlo"]
[Date "2009.04.30"]
[Round "7"]
[White "Vlaar, Shannon"]
[Black "Van Nies, Pauline"]
[Result "0-1"]
[WhiteElo "1707"]
[BlackElo "2143"]
[PlyCount "54"]
[EventDate "2009.04.24"]
[EventType "tourn"]
[EventRounds "9"]
[EventCountry "NED"]
[SourceDate "2009.04.25"]

1. e4 c5 2. Nf3 Nc6 3. Bb5 e6 4. b3 Nge7 5. O-O a6 6. Be2 d6 7. Bb2 e5 8. c4
Ng6 9. Nc3 Be7 10. Nd5 O-O 11. Ne1 Nd4 12. Bxd4 cxd4 13. f4 f5 14. fxe5 fxe4
15. exd6 Bxd6 16. Rxf8+ Qxf8 17. Bg4 d3 18. g3 Bc5+ 19. Ne3 Bxe3+ 20. dxe3 Bxg4
21. Qxg4 Qf6 22. Rd1 Rf8 23. Nxd3 exd3 24. h4 Qf2+ 25. Kh1 Qxe3 26. Kg2 Rf2+
27. Kh1 Qe2 0-1

[Event "NK Jeugd A meisjes"]
[Site "Venlo"]
[Date "2009.05.01"]
[Round "8"]
[White "Braggaar, Leonore"]
[Black "Munnik, Talitha"]
[Result "1-0"]
[WhiteElo "2030"]
[BlackElo "2056"]
[PlyCount "77"]
[EventDate "2009.04.24"]
[EventType "tourn"]
[EventRounds "9"]
[EventCountry "NED"]
[SourceDate "2009.04.25"]

1. e4 e5 2. Nf3 Nc6 3. d4 exd4 4. Nxd4 Bb4+ 5. c3 Bc5 6. Be3 Bb6 7. Bc4 Nge7 8.
O-O O-O 9. Qh5 d6 10. f4 Na5 11. Be2 d5 12. Nd2 Nac6 13. Rad1 dxe4 14. Nxe4 Nd5
15. Nc2 Nxe3 16. Rxd8 Nxf1+ 17. Kxf1 Nxd8 18. Bd3 f5 19. Ng5 h6 20. Bc4+ Be6
21. Nxe6 Nxe6 22. Bxe6+ Kh8 23. Bxf5 Rf6 24. g3 Raf8 25. Bd3 Rd8 26. Ne1 c6 27.
Bc2 Rdf8 28. Nf3 Kg8 29. Ne5 Rd6 30. Qe2 Rfd8 31. Qc4+ Rd5 32. Be4 Kf8 33. Bxd5
Rxd5 34. Nd3 Bd8 35. Qe4 Bf6 36. Kg2 Kf7 37. Kf3 Be7 38. Ne5+ Kf6 39. Qg6# 1-0

[Event "NK Jeugd A meisjes"]
[Site "Venlo"]
[Date "2009.05.01"]
[Round "8"]
[White "De Cloet, Jeanine"]
[Black "Vlaar, Shannon"]
[Result "1-0"]
[WhiteElo "1970"]
[BlackElo "1707"]
[PlyCount "69"]
[EventDate "2009.04.24"]
[EventType "tourn"]
[EventRounds "9"]
[EventCountry "NED"]
[SourceDate "2009.04.25"]

1. e4 e5 2. Nf3 Nc6 3. Bb5 a6 4. Ba4 Nf6 5. O-O b5 6. Bb3 Be7 7. Re1 O-O 8. h3
d6 9. c3 Na5 10. Bc2 c5 11. d4 cxd4 12. cxd4 Nc6 13. Nbd2 Bb7 14. d5 Nb4 15.
Bb1 Rc8 16. a3 Nbxd5 17. exd5 Nxd5 18. Ne4 f5 19. Ba2 Kh8 20. Bxd5 Bxd5 21.
Qxd5 fxe4 22. Rxe4 Rc2 23. Qd1 Qc7 24. Re2 Rc4 25. b3 Rc6 26. Bb2 Rc8 27. Qd3
h6 28. a4 Bf6 29. Ne1 Rc5 30. axb5 axb5 31. Rb1 d5 32. Ba3 e4 33. Qd1 Rc3 34.
Qxd5 Rd8 35. Qxe4 {Tijdsoverschrijding} 1-0

[Event "NK Jeugd A meisjes"]
[Site "Venlo"]
[Date "2009.05.01"]
[Round "8"]
[White "Ferrier, Yvonne"]
[Black "Dirksen, Marieke"]
[Result "1/2-1/2"]
[WhiteElo "1843"]
[BlackElo "1919"]
[PlyCount "40"]
[EventDate "2009.04.24"]
[EventType "tourn"]
[EventRounds "9"]
[EventCountry "NED"]
[SourceDate "2009.04.25"]

1. e4 c5 2. Nf3 d6 3. d4 cxd4 4. Nxd4 Nf6 5. Nc3 e5 6. Ndb5 a6 7. Na3 h6 8. Be3
b5 9. Nd5 Nbd7 10. f3 Bb7 11. c4 bxc4 12. Bxc4 Be7 13. Qb3 Nxd5 14. Bxd5 Bxd5
15. Qxd5 O-O 16. Nc4 Nf6 17. Qd3 d5 18. Nxe5 dxe4 19. Qxd8 Bxd8 20. O-O exf3
1/2-1/2

[Event "NK Jeugd A meisjes"]
[Site "Venlo"]
[Date "2009.05.01"]
[Round "8"]
[White "Hortensius, Lisa"]
[Black "Brandenburg, Lucia"]
[Result "1-0"]
[WhiteElo "1978"]
[BlackElo "1925"]
[PlyCount "87"]
[EventDate "2009.04.24"]
[EventType "tourn"]
[EventRounds "9"]
[EventCountry "NED"]
[SourceDate "2009.04.25"]

1. e4 c5 2. Nf3 e6 3. d4 cxd4 4. Nxd4 Nc6 5. Nc3 Qc7 6. Be2 a6 7. Be3 Nf6 8. a3
Bd6 9. Qd2 Nxd4 10. Bxd4 e5 11. Be3 Bc5 12. O-O-O b5 13. Bxc5 Qxc5 14. g4 Qc6
15. Bf3 O-O 16. g5 Ne8 17. Nd5 Kh8 18. h4 Nc7 19. Nxc7 Qxc7 20. Qd6 Qxd6 21.
Rxd6 Re8 22. Bg4 Bb7 23. f3 Red8 24. Rhd1 Bc6 25. Bxd7 Bxd7 26. Rxd7 Rxd7 27.
Rxd7 Kg8 28. Kd2 Kf8 29. h5 Ke8 30. Rc7 Rd8+ 31. Ke2 Rd6 32. Rc5 Re6 33. Rc8+
Ke7 34. Rc7+ Ke8 35. Rc8+ Ke7 36. Rg8 g6 37. h6 f5 38. Rg7+ Kf8 39. Rxh7 fxe4
40. fxe4 Rc6 41. c3 a5 42. Rh8+ Kf7 43. Rb8 Rc4 44. Kd3 1-0

[Event "NK Jeugd A meisjes"]
[Site "Venlo"]
[Date "2009.05.01"]
[Round "8"]
[White "Van Nies, Pauline"]
[Black "Harezlak, Mariko"]
[Result "1-0"]
[WhiteElo "2143"]
[BlackElo "1788"]
[PlyCount "81"]
[EventDate "2009.04.24"]
[EventType "tourn"]
[EventRounds "9"]
[EventCountry "NED"]
[SourceDate "2009.04.25"]

1. e4 c5 2. Nf3 e6 3. d4 cxd4 4. Nxd4 Nc6 5. Nc3 Qc7 6. f4 a6 7. Be3 d6 8. Be2
Be7 9. O-O Nf6 10. Kh1 O-O 11. Qe1 Nxd4 12. Bxd4 b5 13. a3 Bb7 14. Qg3 Ne8 15.
Rad1 Rc8 16. Bd3 Qc6 17. e5 g6 18. Ne4 dxe5 19. fxe5 Ng7 20. Nf6+ Bxf6 21. exf6
Nf5 22. Bxf5 exf5 23. c3 Rfe8 24. Rd2 Kh8 25. Rxf5 Rcd8 26. Rf1 Re4 27. Qg5 Qc4
28. Rg1 Re2 29. Qh6 Rg8 30. b3 Qe6 31. Rxe2 Qxe2 32. b4 Qb2 33. h3 Qxa3 34. Re1
Bc6 35. Re2 Qb3 36. Kh2 Qd5 37. Rf2 Qd6+ 38. Kg1 Qf8 39. Qg7+ Qxg7 40. fxg7+
Rxg7 41. Rxf7 1-0

[Event "NK Jeugd A meisjes"]
[Site "Venlo"]
[Date "2009.05.02"]
[Round "9"]
[White "Brandenburg, Lucia"]
[Black "Braggaar, Leonore"]
[Result "0-1"]
[WhiteElo "1925"]
[BlackElo "2030"]
[PlyCount "86"]
[EventDate "2009.04.24"]
[EventType "tourn"]
[EventRounds "9"]
[EventCountry "NED"]
[SourceDate "2009.04.25"]

1. e4 e5 2. Nf3 Nc6 3. d4 exd4 4. Bc4 Nf6 5. Ng5 Ne5 6. Bb3 h6 7. f4 hxg5 8.
fxe5 Nxe4 9. Bd5 Nc5 10. O-O Ne6 11. Qf3 Qe7 12. Nd2 Nf4 13. Nc4 Nxd5 14. Qxd5
Qe6 15. Qxe6+ dxe6 16. Bxg5 Bc5 17. Kh1 Rh5 18. Bf4 Bd7 19. Nd2 Bc6 20. Nb3 Bb6
21. Bg3 Rg5 22. Rf4 O-O-O 23. Rh4 f6 24. Re1 fxe5 25. Rxe5 Rxe5 26. Bxe5 d3 27.
cxd3 Rxd3 28. h3 Rd1+ 29. Kh2 Bg1+ 30. Kg3 Rd3+ 31. Kg4 Bxg2 32. Rh8+ Kd7 33.
Bxg7 Bf3+ 34. Kf4 Bh2+ 35. Kg5 Rd5+ 36. Kh4 Rf5 37. Bd4 b6 38. Rh7+ Kc6 39. Be3
e5 40. Rh6+ Kd5 41. Nd2 Be2 42. Rh7 a5 43. Bg5 Bg1 0-1

[Event "NK Jeugd A meisjes"]
[Site "Venlo"]
[Date "2009.05.02"]
[Round "9"]
[White "Dirksen, Marieke"]
[Black "Van Nies, Pauline"]
[Result "0-1"]
[WhiteElo "1919"]
[BlackElo "2143"]
[PlyCount "62"]
[EventDate "2009.04.24"]
[EventType "tourn"]
[EventRounds "9"]
[EventCountry "NED"]
[SourceDate "2009.04.25"]

1. e4 e6 2. d4 d5 3. Nd2 Nc6 4. Ngf3 Nf6 5. e5 Nd7 6. Be2 Be7 7. O-O O-O 8. Re1
f6 9. exf6 Bxf6 10. Nf1 e5 11. dxe5 Ndxe5 12. Ng3 Nxf3+ 13. Bxf3 Nd4 14. Bh5 c6
15. c3 Nf5 16. Bg4 Nxg3 17. hxg3 Qb6 18. Bxc8 Raxc8 19. Re2 Rcd8 20. Qd3 c5 21.
c4 Qa6 22. Be3 dxc4 23. Qc2 b6 24. Bf4 c3 25. bxc3 Bxc3 26. Rd1 Rxd1+ 27. Qxd1
Bd4 28. Re7 Qxa2 29. Qg4 Qxf2+ 30. Kh2 Qg1+ 31. Kh3 Qh1# 0-1

[Event "NK Jeugd A meisjes"]
[Site "Venlo"]
[Date "2009.05.02"]
[Round "9"]
[White "Harezlak, Mariko"]
[Black "De Cloet, Jeanine"]
[Result "1-0"]
[WhiteElo "1788"]
[BlackElo "1970"]
[PlyCount "115"]
[EventDate "2009.04.24"]
[EventType "tourn"]
[EventRounds "9"]
[EventCountry "NED"]
[SourceDate "2009.04.25"]

1. d4 Nf6 2. c4 g6 3. Nc3 Bg7 4. e4 d6 5. Nf3 O-O 6. Be2 e5 7. d5 Nbd7 8. h4
Nc5 9. Nd2 a5 10. h5 h6 11. b3 Nxh5 12. Bxh5 Nd3+ 13. Kf1 gxh5 14. Qxh5 f5 15.
g3 c6 16. Ke2 Nxc1+ 17. Raxc1 Bd7 18. Qh4 f4 19. Qxd8 Raxd8 20. f3 fxg3 21.
Rcg1 Kh7 22. Rxg3 Bf6 23. Nf1 Rg8 24. Rhg1 h5 25. Rxg8 Rxg8 26. Rxg8 Kxg8 27.
Kf2 Kf7 28. Na4 Bd8 29. Nb2 h4 30. Nd1 Kg6 31. Kg2 Kg5 32. Nf2 Bb6 33. Nd3 cxd5
34. exd5 Bf5 35. Nf2 Kf4 36. Nd2 Be3 37. Nde4 Bxf2 38. Nxf2 h3+ 39. Nxh3+ Bxh3+
40. Kxh3 b6 41. Kg2 Ke3 42. Kg3 a4 43. Kg4 a3 44. Kg3 Kd3 45. Kf2 Kc3 46. Ke3
Kb4 47. Kd2 b5 48. Kd3 Ka5 49. Kc3 b4+ 50. Kd3 Kb6 51. Ke4 Kc7 52. Kf5 Kb6 53.
Ke6 Kc5 54. Kd7 Kd4 55. Kxd6 Kc3 56. Kc5 Kb2 57. d6 Kxa2 58. Kxb4 1-0

[Event "NK Jeugd A meisjes"]
[Site "Venlo"]
[Date "2009.05.02"]
[Round "9"]
[White "Munnik, Talitha"]
[Black "Ferrier, Yvonne"]
[Result "1-0"]
[WhiteElo "2056"]
[BlackElo "1843"]
[PlyCount "119"]
[EventDate "2009.04.24"]
[EventType "tourn"]
[EventRounds "9"]
[EventCountry "NED"]
[SourceDate "2009.04.25"]

1. e4 c5 2. Nf3 d6 3. d4 cxd4 4. Nxd4 Nf6 5. f3 a6 6. c4 e6 7. Nc3 b6 8. Be3
Bb7 9. Be2 Nbd7 10. Nc2 Be7 11. O-O O-O 12. Qd2 Qc7 13. g4 Rfd8 14. g5 Ne8 15.
Nd4 Rac8 16. Rac1 Qb8 17. Qe1 Nc7 18. Qg3 d5 19. cxd5 exd5 20. e5 Ne6 21. Nf5
Bf8 22. f4 g6 23. Nd4 Nxd4 24. Bxd4 Bc5 25. Rcd1 Nf8 26. Bg4 Ne6 27. Bxc5 bxc5
28. f5 Nd4 29. fxg6 fxg6 30. Bxc8 Bxc8 31. Rd2 Bf5 32. h4 Qb4 33. Qg2 Qc4 34.
Rf4 Kg7 35. Qf1 Qxf1+ 36. Rxf1 Kf7 37. Na4 Rc8 38. Nxc5 Rxc5 39. Rxd4 Ke6 40.
Rb4 Rc7 41. Re1 Be4 42. Rb6+ Kxe5 43. Rxa6 Rc2 44. b4 Kf4 45. Rf6+ Kg3 46. Re3+
Kxh4 47. Rf7 Rxa2 48. Rxh7+ Kxg5 49. Rb3 Kf4 50. b5 d4 51. Rf7+ Kg4 52. b6 d3
53. Rb4 Re2 54. Re7 Kf3 55. Rexe4 d2 56. Red4 Re1+ 57. Kh2 d1=Q 58. Rxd1 Rxd1
59. b7 Rd2+ 60. Kh3 1-0

[Event "NK Jeugd A meisjes"]
[Site "Venlo"]
[Date "2009.05.02"]
[Round "9"]
[White "Vlaar, Shannon"]
[Black "Hortensius, Lisa"]
[Result "0-1"]
[WhiteElo "1707"]
[BlackElo "1978"]
[PlyCount "94"]
[EventDate "2009.04.24"]
[EventType "tourn"]
[EventRounds "9"]
[EventCountry "NED"]
[SourceDate "2009.04.25"]

1. e4 e6 2. d4 d5 3. exd5 exd5 4. Nf3 Bd6 5. Bd3 Bg4 6. Be3 Ne7 7. c3 Nbc6 8.
Nbd2 Qd7 9. h3 Bf5 10. Qc2 O-O-O 11. O-O-O f6 12. g4 Bxd3 13. Qxd3 f5 14. Ng5
Rdf8 15. f4 h6 16. Ngf3 fxg4 17. hxg4 Qxg4 18. Ne5 Qf5 19. Ndf3 Bxe5 20. Nxe5
Nxe5 21. dxe5 Qxd3 22. Rxd3 b6 23. Rg1 Nf5 24. Bd2 Rd8 25. Rh3 Rhf8 26. Rg6 Rf7
27. e6 Re7 28. Rh5 Rf8 29. Kd1 c6 30. Ke2 Rxe6+ 31. Rxe6 Ng3+ 32. Kf3 Nxh5 33.
Rxc6+ Kd7 34. Rg6 Rf6 35. f5 Rxg6 36. fxg6 Ke6 37. Ke3 Ng3 38. Kf4 Nf5 39. Kg4
Ne7 40. Kh5 Kf6 41. c4 d4 42. b4 Nxg6 43. c5 bxc5 44. bxc5 Ne5 45. a3 Ke6 46.
Bb4 d3 47. Bc3 Kd5 0-1